000 00370nam a2200157Ia 4500
008 230312s9999||||xx |||||||||||||| ||und||
020 _a81-8431-638-4
082 _a621.382
_bCHI-P
100 _aChitode;J.S
245 0 _aPower Electronics
260 _bTPP
_aIndia
_c2007
300 _aP-58
546 _aEng.
650 _aEngineering
_vPower Electronics
942 _cBK
999 _c9466
_d9466